Statistiques concernant Devinez le parcours de ces joueurs de foot N°7

Cliquez ici pour prendre le quiz!

Statistiques générales

  • Ce quiz a été pris 1 647 fois
  • Le résultat moyen est 7 sur 10

Statistiques - réponses

Réponse% Correct
Müller
93%
De Bruyne
86%
Umtiti
84%
Donnarumma
83%
Mendy
83%
Cancelo
70%
Hulk
69%
Cissé
63%
Alonso
32%
Bican
8%

Distribution des résultats

Percentile par nombre de réponses

% des personnes avec chaque résultat

Votre développement - résultats

Vous n’avez pas pris ce quiz